Biblioteca

La Biblia y la identidad religiosa de los mayas de Guatemala en la conquista y en la actualidad : (Registro nro. 61428)

Detalles MARC
000 -LÍDER
Campo fijo de descripción fija 01370cab a22002294i 4500
001 - NÚMERO DE CONTROL
Campo de control 768714001
003 - IDENTIFICADOR DEL NÚMERO DE CONTROL
Campo de control CO-MdFUSB
005 - FECHA Y HORA DE LA ULTIMA TRANSACCIÓN
control field 20230111083402.0
008 - ELEMENTOS DE LONGITUD FIJA -- INFORMACIÓN GENERAL
Campo fijo de descripción fija -- Información general 180716s1996 gt ||||| |||| 00| 0 spa d
022 ## - NÚMERO INTERNACIONAL NORMALIZADO PARA PUBLICACIONES SERIADAS
Número Internacional Normalizado para Publicaciones Seriadas 1014-9341
040 ## - FUENTE DE CATALOGACIÓN
Agencia Catalogadora CO-MdFUSB
Idioma de catalogación spa
Agencia que realiza la transcripción CO-MdFUSB
Agencia que realiza la modificación CO-MdFUSB
041 ## - CÓDIGO DE IDIOMA
Código de idioma para texto/pista de sonido o título separado spa
100 1# - ASIENTO PRINCIPAL--NOMBRE PERSONAL
Nombre personal Carroll R., M. Daniel
Término relacionador autor
245 13 - TÍTULO
Título La Biblia y la identidad religiosa de los mayas de Guatemala en la conquista y en la actualidad :
Subtitulo consideraciones y retos para los no-indígenas
Mención de responsabilidad / Dr. M. Daniel Carroll R.
300 ## - DESCRIPCIÓN FÍSICA
Extensión Número 19 (Julio - Diciembre, 1996), páginas 35-58
Dimensiones ; 22 cm
520 ## - NOTA DE RESUMEN, ETC.
Nota de sumario, etc. El uso de la Biblia para delinear una identidad cultural es tema de discusión en los estudios bíblicos y étnicos en la actualidad. Este artículo presenta el estudio de los mayas en Guatemala y cómo la Biblia ha sido usada a través de los siglos para dar forma a su identidad. Desde tiempos de la conquista y la colonia asta el día de hoy la Biblia ha servido para moldear la cultura maya en medio de circunstancias históricas de diversa índole.
650 #7 - ASIENTO SECUNDARIO DE MATERIA - TERMINO TEMÁTICO
9 (RLIN) 385
Término temático o nombre geográfico como elemento de entrada Religión
650 #0 - ASIENTO SECUNDARIO DE MATERIA - TERMINO TEMÁTICO
9 (RLIN) 6855
Término temático o nombre geográfico como elemento de entrada Indígenas
Subdivisión general Religión.
773 0# - ASIENTO DE ITEM FUENTE
Título Kairós
Biblionumber 49489
Itemnumber 61225
Parte(s) relacionada(s) / Volumen., número. (mes año), páginas Número 19 (Julio - Diciembre, 1996), páginas 35-58
Enumeración y primera página Página 35
773 0# - ASIENTO DE ITEM FUENTE
Biblionumber 49489
Itemnumber 81324
Parte(s) relacionada(s) / Volumen., número. (mes año), páginas Número 19 (Julio - Diciembre, 1996), páginas 35-58
Enumeración y primera página Página 35
Título Kairós
942 ## - TIPO DE MATERIAL (KOHA)
Tipo de Item KOHA Artículos de Revista

No hay ítems disponibles.

Biblioteca FUSBC | Teléfono: (57+4) 349 88 10 Ext. 141| WhatsApp (+57) 3005338115 
E-mail: biblioteca@unisbc.edu.co | Calle 76 87-14 Robledo Palenque, Medellín, Colombia

Con tecnología Koha